[Event "GRE-chT 48th"]
[Site "Athens"]
[Date "2021.09.08"]
[Round "3.3"]
[White "Makridis, Dimitrios"]
[Black "Kiousis, Stavros St"]
[Result "1-0"]
[WhiteElo "2136"]
[BlackElo "1611"]
[PlyCount "41"]
[EventDate "2021.09.07"]
[EventType "team-swiss"]
[EventRounds "7"]
[EventCountry "GRE"]
[SourceTitle "CBM 204 Extra"]
[Source "ChessBase"]
[SourceDate "2021.11.30"]
[SourceVersion "1"]
[SourceVersionDate "2021.11.30"]
[SourceQuality "1"]
[WhiteTeam "Evoiki ES"]
[BlackTeam "Ames Neas Erythreas"]
[WhiteTeamCountry "GRE"]
[BlackTeamCountry "GRE"]

1. e4 e6 2. d4 d5 3. Nc3 dxe4 4. Nxe4 Nd7 5. Nf3 Ngf6 6. Nxf6+ Nxf6 7. Bd3 Be7 8. Qe2 c5 9. dxc5 Bxc5 10. Bg5 Bd7 11. 0-0-0 Qa5 12. Kb1 Nd5 13. Be4 0-0 14. c4 Nb6 15. Ne5 Bc6 16. Bd3 Na4 17. Bf6 Qb4 18. Nxc6 bxc6 19. Bxh7+ Kxh7 20. Qh5+ Kg8 21. Qg5 1-0

[Event "GRE-ch U14"]
[Site "Achaia"]
[Date "2017.06.26"]
[Round "1"]
[White "Kiousis, Stavros St"]
[Black "Vardakas, Grigorios"]
[Result "0-1"]
[WhiteElo "1474"]
[BlackElo "1932"]
[PlyCount "44"]
[EventDate "2017.06.26"]
[EventType "swiss"]
[EventRounds "9"]
[EventCountry "GRE"]
[SourceTitle "EXT 2018"]
[Source "ChessBase"]
[SourceDate "2017.10.13"]
[SourceVersion "1"]
[SourceVersionDate "2017.10.13"]
[SourceQuality "1"]

1. e4 c5 2. Nf3 d6 3. d4 cxd4 4. Nxd4 Nf6 5. f3 e5 6. Nb3 a5 7. Bg5 a4 8. N3d2 Be7 9. Nc3 0-0 10. Be2 Be6 11. Nc4 Bxc4 12. Bxc4 Nbd7 13. Be3 Qc7 14. Nd5 Nxd5 15. Bxd5 Nf6 16. c4 Nxd5 17. cxd5 Rfc8 18. Qd2 a3 19. b3 Qc2 20. Ke2 Rc3 21. Rhc1 Rxe3+ 22. Kxe3 Bg5+ 0-1